书目信息 |
| 题名: |
关于人道主义和异化问题论文集
|
|
| 作者: | ||
| 分册: | ||
| 出版信息: | 北京 人民出版社 1984 |
|
| 页数: | 413页 | |
| 开本: | 21cm | |
| 丛书名: | ||
| 单 册: | ||
| 中图分类: | B82-061 , B82 | |
| 科图分类: | ||
| 主题词: | 异化(哲学)--文集 , 人道主义--文集 , 伦理学 | |
| 电子资源: | ||
| ISBN: | ||
| 000 | 00687nam0 2200265 45 | |
| 001 | 0184010566 | |
| 005 | 20040424100847.4 | |
| 010 | @dCNY1.85 | |
| 091 | @aCN@b2001.251 | |
| 100 | @a19950703d1984 em y0chiy0121 ea | |
| 101 | 0 | @achi |
| 102 | @aCN@b110000 | |
| 105 | @ay z 000yy | |
| 106 | @ar | |
| 200 | 10 | @a关于人道主义和异化问题论文集@Aguan yu ren dao zhu yi he yi hua wen ti lun wen ji |
| 210 | @a北京@c人民出版社@d1984 | |
| 215 | @a413页@d21cm | |
| 606 | @a异化(哲学)@x文集 | |
| 606 | @a人道主义@x文集 | |
| 606 | 0 | @a伦理学 |
| 690 | @aB82-061@v3 | |
| 690 | @aB82 | |
| 801 | 0 | @aCN@b上海图书馆@c20040424 |
| 801 | 2 | @aCN@bNLC@c20040424 |
| 905 | @f1@b254303@dB82@e40 | |
| 关于人道主义和异化问题论文集.-北京:人民出版社,1984 |
| 413页;21cm |
| ISBN :CNY1.85 |
| ● |
| 相关链接 |
|
|
|
|
正题名:关于人道主义和异化问题论文集
索取号:B82/40
 
预约/预借
| 序号 | 登录号 | 条形码 | 馆藏地/架位号 | 状态 | 备注 |
| 1 | 0124044 | 001534771 | 密集书库/ [索取号:B82/40] | 在馆 | |
| 2 | 0124045 | 001534815 | 密集书库/ [索取号:B82/40] | 在馆 | |
| 3 | 0124046 | 001856245 | 密集书库/ [索取号:B82/40] | 在馆 | |
| 4 | 0254303 | 000520886 | 第一样本阅览室/ [索取号:B82/40] | 在馆 | |
| 5 | 0254304 | 001534628 | 密集书库/ [索取号:B82/40] | 在馆 | |
| 6 | 0254305 | 001534664 | 密集书库/ [索取号:B82/40] | 在馆 | |
| 7 | 0254306 | 001534708 | 密集书库/ [索取号:B82/40] | 在馆 |